000 00291nam a22001337a 4500
008 260325b ||||| |||| 00| 0 eng d
020 _a9789951059206
041 _aShqip
080 _a821.14
100 _a25
101 _aPërrallëza
245 _aPërrallëza
_cEzopi
942 _2udc
_cBK
999 _c60933
_d60933